Widok standardowy
Widok MARC
Pozycja Personal Name
Liczba rekordów, w których użyto hasła: 1
001 - Numer kontrolny
- control field: 40334
003 - Identyfikator numeru kontrolnego
- control field: NUKAT
005 - Data i czas ostatniej modyfikacji
- control field: 20260421104745.0
008 - Dane kontrolne kodowane (40 znaków)
- fixed length control field: 990420n||a|znnaabn |a aaa |c
010 ## - Numer kontrolny Biblioteki Kongresu
- numer kontrolny LC: n 99003323
040 ## - Instytucja sporządzająca rekord
- inst. przygot. dane do rek. khw: WR U/mt
- język haseł przedmiotowych/tezaurus: kaba
- inst. wprow. rek. khw: WR U/mt
- inst. modyf. rek. khw: POZN U/RWS
100 1# - Hasło - nazwa osobowa
- nazwa osobowa w formie ujednoliconej: Loba, Mirosław
- daty biograficzne: (1961- ).
670 ## - Źródło informacji
- źródło informacji: Kp. Życie codzienne Zakonu Templariuszy / Georges Bordonove. - Poznań, 1998.
- gdzie znaleziono informację: Tł. z jęz. fr.
670 ## - Źródło informacji
- źródło informacji: Dzieje kultury francukiej / Jacek Kowalski [et al.]. - Warszawa, 2005.
- gdzie znaleziono informację: Biogram
675 ## - Źródło nie podające informacji
- wskazanie źródła: PB'1983-1998